Integración de lo hispánico y lo autoctono en la poesía de Rubén Darío

Guardat en:
Dades bibliogràfiques
Autor principal: Isaza Calderón, Baltazar
Format: Llibre
Idioma:Undetermined
Publicat: Panamá, Panamá Academia Panameña de la Lengua 1968
Matèries:
Etiquetes: Afegir etiqueta
Sense etiquetes, Sigues el primer a etiquetar aquest registre!

MARC

LEADER 00000nam a2200000Ia 4500
008 170316s9999 xx 000 0 und d
090 |a 801 I-4i 
100 |a Isaza Calderón, Baltazar 
245 |a Integración de lo hispánico y lo autoctono en la poesía de Rubén Darío 
260 |a Panamá, Panamá 
260 |b Academia Panameña de la Lengua 
260 |c 1968 
300 |a 68 páginas 
650 |a TEORÍA LITERARIA 
650 |a LITERATURA 
650 |a RUBÉN DARÍO 
650 |a EXPRESIÓN LITERARIA 
999 |c 20372  |d 20372 
040 |a cru BVZT 
942 |c 15 D  |h 801 I-4i  |2 z